Statistics for Utah Jazz Quiz

Click here to take the quiz!

General Stats

  • This quiz has been taken 27 times
  • The average score is 25 of 37

Answer Stats

Answer% Correct
2
96%
7
96%
Western
96%
1
96%
0
92%
Maastricht Blue
92%
Cheese
92%
12
92%
9
92%
4
88%
John Stockton
88%
Cal Poly Pomona Green
88%
Karl Malone
88%
Salt Lake City Stars
84%
32
84%
Salt Lake City, Utah
84%
New Orleans
80%
14
80%
Pete Maravich
76%
Mark Eaton
72%
Quin Snyder
64%
53
64%
1974
64%
Northwest
64%
35
64%
Adrian Dantley
60%
Jeff Hornacek
52%
Jerry Sloan
36%
Larry H. Miller
32%
Vivint Smart Home Arena
28%
Darrell Griffith
28%
Justin Zanik
12%
Frank Layden
12%
Qualtrics
8%
Steve Starks
8%
Gail Miller
8%

Score Distribution

Percentile by Number Answered

Percent of People with Each Score

Your Score History

You have not taken this quiz